000
00320nam a22001217a 4500
040
_c
SK
082
_a
880
100
_a
VON MONIN; វន មុនិន្ទ
245
_a
Forest meteorology; អាកាសធាតុវិទ្យាព្រៃឈើ
260
_a
RUA
_b
VON
_c
2010
300
_a
41p.
942
_c
KB
999
_c
9217
_d
9217